| 000 | 00365 a2200145 4500 | ||
|---|---|---|---|
| 020 | _a0895770067 | ||
| 082 | _a808.042 | ||
| 090 |
_c6265 _d6265 |
||
| 100 | _aDigest,Reader's | ||
| 245 |
_aWrite better speak better. _cReader's Digest |
||
| 260 |
_aHong Kong _bChina printing. _c1972. |
||
| 300 | _a730p. | ||
| 500 | _aPaper cover. | ||
| 942 |
_aNBS _cBK _k808.042 DIG |
||
| 999 |
_c348635 _d348635 |
||